000 00263nam a22001217a 4500
008 170627b xxu||||| |||| 00| 0 eng d
041 _aeng
080 _a82
100 _a21
101 _aGJL
245 _aTHE COMPLETE GREEK DRAMA
_cOATES,WH.J
942 _2udc
_cBK
999 _c19277
_d19277